000 00280nam a22001217a 4500
008 170714b xxu||||| |||| 00| 0 eng d
041 _aeng
080 _a030
100 _a24
101 _aFJA
245 _aA DICTONARY OF SYNONYMS AND ANTONYMS
_cDEVLIN.J
942 _2udc
_cBK
999 _c20910
_d20910